Brawlers ayant un pouvoir wasabi - Statistiques

Statistiques générales
  • Ce quiz a été pris 38 fois
  • Le résultat moyen est 26 sur 60
Statistiques - réponses
Rareté du pouvoir Rareté du brawlers Réponse % Correct
Piquant Premier Brawler Shelly
95%
Infernal Super Rare Ricochet
81%
Très Piquant Rare El Costo
76%
Piquant Rare Colt
71%
Infernal Légendaire Kenji
71%
Très Piquant Légendaire Corbac
67%
Très Piquant Légendaire Léon
67%
Piquant Légendaire Spike
67%
Infernal Légendaire Ambre
62%
Hyper Piquant Super Rare Carl
62%
Très Piquant Super Rare Jessie
62%
Infernal Légendaire Meg
62%
Très Piquant Rare Nita
62%
Piquant Rare Brock
57%
Infernal Mythique Juju
57%
Piquant Rare Rosa
57%
Infernal Légendaire Surge
57%
Piquant Epique Angelo
52%
Piquant Rare Bull
52%
Hyper Piquant Epique Polly
52%
Très Piquant Rare Bartaba
48%
Hyper Piquant Mythique Byron
48%
Infernal Epique Colette
48%
Infernal Légendaire Draco
48%
Piquant Super Rare Gus
48%
Piquant Super Rare A.R.K.A.D
43%
Piquant Epique Edgar
43%
Infernal Mythique Fang
43%
Infernal Mythique Finx
43%
Hyper Piquant Mythique Mortis
43%
Hyper Piquant Rare Poco
43%
Piquant Mythique Wally
43%
Piquant Mythique D'Jinn
38%
Hyper Piquant Mythique Médor
38%
Très Piquant Super Rare Penny
38%
Hyper Piquant Epique Shade
38%
Piquant Mythique Tara
38%
Hyper Piquant Super Rare Tick
38%
Très Piquant Epique Bo
33%
Hyper Piquant Epique Frank
33%
Très Piquant Epique Hank
33%
Piquant Mythique Jae-Yong
33%
Hyper Piquant Mythique Max
33%
Hyper Piquant Mythique Monsieur M.
33%
Hyper Piquant Epique Ash
29%
Très Piquant Epique Berry
29%
Piquant Mythique Charlie
29%
Piquant Mythique Eve
29%
Très Piquant Mythique Gray
29%
Piquant Mythique Lily
29%
Piquant Epique Pam
29%
Très Piquant Epique Belle
24%
Très Piquant Mythique Buzz
24%
Très Piquant Epique Lola
24%
Piquant Epique Meeple
24%
Hyper Piquant Epique Stu
24%
Très Piquant Mythique Ollie
19%
Piquant Epique Pearl
19%
Hyper Piquant Epique Béa
14%
Hyper Piquant Mythique Moe
14%
Aucun quiz correspondant
Distribution des résultats
% des personnes avec chaque résultat
Percentile par nombre de réponses
Votre historique - résultats
Vous n’avez pas pris ce quiz